Operations research and quantitative techniques : (Record no. 86302)

MARC details
000 -LEADER
fixed length control field 00578nam a22001937a 4500
005 - DATE AND TIME OF LATEST TRANSACTION
control field 20140811103629.0
010 ## - LCCN (DPL NO)
LC control number ENG-110355
020 ## - INTERNATIONAL STANDARD BOOK NUMBER
International Standard Book Number 9789350621806
Terms of availability 495.00
035 ## - SYSTEM CONTROL NUMBER
System control number EN-93887
037 ## - SOURCE OF ACQUISITION
Source of stock number/acquisition DBAD/PUB
082 ## - DEWEY DECIMAL CLASSIFICATION NUMBER
Classification number 658.4034
100 ## - MAIN ENTRY--PERSONAL NAME
Personal name Apte, D. P.
245 ## - TITLE STATEMENT
Title Operations research and quantitative techniques :
Statement of responsibility, etc by D P Apte
Remainder of title using MS Excel /
260 ## - PUBLICATION, DISTRIBUTION, ETC. (IMPRINT)
Place of publication, distribution, etc New Delhi
Name of publisher, distributor, etc Excel Books
Date of publication, distribution, etc 2013
270 ## - ADDRESS
Address A-45, Naraina, Phase I
City New Delhi
Postal code 110028
300 ## - PHYSICAL DESCRIPTION
Extent x,744p.
Dimensions 28cm(pbk)
500 ## - GENERAL NOTE
General note Includes index
942 ## - ADDED ENTRY ELEMENTS (KOHA)
Source of classification or shelving scheme Dewey Decimal Classification
Item type English Books
Call number suffix APT
Classification part 658.4034
Holdings
Withdrawn status Lost status Not for loan Collection code Home library Current library Date acquired Source of acquisition Cost, normal purchase price Full call number Barcode Copy number Cost, replacement price Koha item type
    Not For Loan Non-fiction D.B.Act.Division D.B.Act.Division 02/07/2014 DBAD/PUB 495.00 658.4034 APT EN-93887 1 495.00 English Books

© Delhi Public Library
Hit Counter
free hit counter